000 00322nam a22001457a 4500
008 231124b ||||| |||| 00| 0 eng d
020 _a9780813120782
041 _aeng
080 _a618
082 _a618GRE
100 _a15
101 _aGJINEK
245 _aINVENTING MATERNITY
_cGREENFIELD .C.S
942 _2udc
_cBK
999 _c60516
_d60516